Comunicacions presentades al Vè Congrés Excursionista Català : excursionisme i cultura / [organitza: Centre Excursionista de Terrassa] excursionisme i cultura / [organitza:

per Congrés Excursionista Català (5è : 1982 : Terrassa)

Descripció física: 239 p. : il., [4] p. de làm., col. ; 24 cm

MARC

LEADER 00000nam a2200000Ia 4500
001 1541
008 160829s1982 xx 000 0 cat d
080 |a P-1-29 
100 |a Congrés Excursionista Català (5è : 1982 : Terrassa)  |9 35035 
245 |a Comunicacions presentades al Vè Congrés Excursionista Català :  |b  excursionisme i cultura / [organitza:  |b  Centre Excursionista de Terrassa] 
260 |a Barcelona :  |b Departament de Cultura de la Generalitat de Catalunya, Direcció General de Difusió Cultural, Servei de Promoció Cultural,  |c 1982 
300 |a 239 p. :  |b  il., [4] p. de làm., col. ;  |c 24 cm 
650 |a Excursionisme  |x Catalunya  |x Congressos  |9 35036 
700 |a Centre Excursionista de Terrassa  |9 35352 
710 1 |a Catalunya.  |b Servei de Promoció Cultural  |9 54975 
901 |a Arxiu 
942 |n 1 
952 |0 0  |1 0  |4 0  |6 P129  |7 1  |9 46740  |a Arxiu  |b Arxiu  |d 2016-12-01  |l 0  |o P-1-29  |p 1541  |r 2016-12-01 00:00:00  |w 2016-12-01  |y ARXIU 
999 |c 50533  |d 50533